000 00335nam a22001337a 4500
020 _a007243645
082 _222
_a658
100 _aLussier, Robert N.
245 _aHuman Relations in organizations /
250 _a5th
260 _bMc Graw- Hill Higher Education,
_cc 2002
300 _axxiii,627, p, ;
_bNA
_c24 cm.
942 _2ddc
_cMAG
999 _c3903
_d3903